| 000 | 00893nam a22002655a 4500 | ||
|---|---|---|---|
| 008 | 161114t2013 xxu||||fr|||| 001 0 eng d | ||
| 020 | _a9781137355195 | ||
| 040 |
_aEG-ScBUE _beng _cEG-ScBUE |
||
| 082 |
_222 _a320.8091724 _bJOH |
||
| 245 |
_aPoliticising democracy : _bThe new local politics and democratisation / _cJohn Harriss |
||
| 260 |
_aNew York : _bPalgrave Macmillan, _c2013. |
||
| 300 |
_axxxiii, 253 p. ; _c24 cm. |
||
| 490 | _aInternational Political Economy Classics | ||
| 500 | _aIndex : p. 253-246. | ||
| 504 | _aBibliography : p. 226-245. | ||
| 590 | _aSuzan Ashmawy | ||
| 650 | 7 |
_2BUEsh _aLocal government _zDeveloping countries. |
|
| 650 | 7 |
_2BUEsh _aDemocratization |
|
| 650 | 7 |
_2BUEsh _aPolitics and government |
|
| 651 | _2BUEsh | ||
| 653 |
_bBUSBOL _cNovember2016 |
||
| 700 | 1 |
_aTornquist, Olle _eauthor |
|
| 700 | 1 |
_aStokke, Kristian _eauthor. |
|
| 942 | _2ddc | ||
| 999 |
_c23117 _d23089 |
||